| 000 | 00717nam a22001577a 4500 | ||
|---|---|---|---|
| 008 | 100414s1989 le|||||r|||| 000 0 ara d | ||
| 082 |
_222 _a320.95694 _bت ي م |
||
| 100 |
_913567 _aتيم، سعيد |
||
| 245 |
_aالنظام السياسي الإسرائيلي / _cتأليف سعيد تيم |
||
| 260 |
_aبيروت: _bدار الجيل ، 1989 _c1989 |
||
| 300 |
_a572 ص؛ _c22 سم |
||
| 504 | _aيحتوي على ببليوجرافية ص 557-567 | ||
| 651 |
_913566 _aإسرائيل _xالسياسة والحكومة |
||
| 942 |
_2ddc _cBB |
||
| 999 |
_c13894 _d13894 |
||